000 00567nam a2200181Ia 4500
008 090124s9999 xx 000 0 und d
082 _b101441
100 _aपटवर्धन माधव त्रिंबक
245 _a छन्दोरचना
250 _a1
260 _c1937
300 _a594
600 _aपटवर्धन माधव त्रिंबक
630 _a छन्दोरचना
700 _aपटवर्धन माधव त्रिंबक
730 _a छन्दोरचना
942 _cBOOK
999 _c147533
_d147533